Deep learning architectures : (Record no. 53829)
[ view plain ]
| 000 -LEADER | |
|---|---|
| fixed length control field | 00407nam a2200145Ia 4500 |
| 005 - DATE AND TIME OF LATEST TRANSACTION | |
| control field | 20260430133742.0 |
| 008 - FIXED-LENGTH DATA ELEMENTS--GENERAL INFORMATION | |
| fixed length control field | 260429s9999||||xx |||||||||||||| ||und|| |
| 020 ## - INTERNATIONAL STANDARD BOOK NUMBER | |
| International Standard Book Number | 9783030367237 |
| 082 ## - DEWEY DECIMAL CLASSIFICATION NUMBER | |
| Classification number | 006.31 |
| Item number | CAL |
| 100 ## - MAIN ENTRY--PERSONAL NAME | |
| Personal name | Calin, Ovidiu |
| 245 #0 - TITLE STATEMENT | |
| Title | Deep learning architectures : |
| Remainder of title | a mathematical approach / |
| Statement of responsibility, etc | Ovidiu Calin |
| 260 ## - PUBLICATION, DISTRIBUTION, ETC. (IMPRINT) | |
| Place of publication, distribution, etc | USA : |
| Name of publisher, distributor, etc | Springer, |
| Date of publication, distribution, etc | 2020. |
| 300 ## - PHYSICAL DESCRIPTION | |
| Extent | xxx, 760 p.; pbk |
| 942 ## - ADDED ENTRY ELEMENTS (KOHA) | |
| Koha item type | Coaching cell/ UGC NET Cell |
| Withdrawn status | Lost status | Damaged status | Not for loan | Home library | Location | Shelving location | Date of Cataloging | Source of acquisition | Total Checkouts | Full call number | Barcode | Date last seen | Price effective from | Koha item type |
|---|---|---|---|---|---|---|---|---|---|---|---|---|---|---|
| CUTN Central Library | CUTN Central Library | Generalia | 30/04/2026 | UGC NET cell books | 006.31 CAL | 55472 | 30/04/2026 | 30/04/2026 | Coaching cell/ UGC NET Cell |
